Star-Spangled Banner Lyrics Quiz Stats

 Plays Quiz Updated Nov 30, 2018

     
Support Sporcle.
Go Orange.
Score 0/81 Timer 04:00
3 Plays Today
% Correct
O!
99.8%
say
98.8%
can
98.8%
you
98.7%
see
98.6%
the
97.6%
by
97.3%
light
95.3%
dawn's
94.9%
early
94.9%
so
90.3%
What
89.8%
we
89.7%
proudly
89.6%
the
83.2%
last
81.6%
gleaming?
81%
twilight's
80.9%
at
79.6%
hailed
76.5%
and
73.6%
stripes
73%
stars
72.9%
bright
72.7%
Whose
71.2%
broad
70.1%
the
69.3%
% Correct
through
68.2%
fight,
65.3%
perilous
63.8%
the
61.3%
we
60.7%
ramparts
59.9%
O'er
59.4%
watched
58.8%
the
58.4%
rockets'
58.3%
red
58.2%
so
58.1%
glare,
58%
the
57.9%
bombs
57.8%
And
57.7%
bursting
57.7%
in
57.7%
air,
57.6%
were
57.6%
Gave
56.9%
the
56.7%
brave?
56.7%
streaming?
56.6%
the
56.5%
night
56.5%
of
56.5%
% Correct
O!
56.5%
home
56.4%
that
56.4%
flag
56.3%
proof
56.3%
our
56.3%
was
56.3%
through
56.3%
say
56.2%
and
56.2%
the
56.2%
still
56.2%
there.
56%
land
55.9%
the
55.9%
of
55.9%
star-
55.8%
free
55.8%
that
55.7%
does
55.6%
spangled
55.3%
banner
55.3%
the
55.1%
yet
54.5%
wave
54.4%
gallantly
53.9%
O'er
53.1%

From the Vault

Pick the Antonym

by sproutcm

What's the antonym of Sporcle?
Remove Ads.
Support Sporcle.
Get the best of Sporcle when you Go Orange. This ad-free experience offers more features, more stats, and more fun while also helping to support Sporcle. Thank you for becoming a member.

Show Comments

Extras

Top Quizzes Today


Score Distribution

Your Account Isn't Verified!

In order to create a playlist on Sporcle, you need to verify the email address you used during registration. Go to your Sporcle Settings to finish the process.

Report this User

Report this user for behavior that violates our Community Guidelines.

Details: